|
|
|
|
| LEADER |
00739nam a22002291a 4500 |
| 020 |
|
|
|a 9780415401135
|c 0.00
|
| 040 |
|
|
|a SSUS - Library - Kalady
|
| 082 |
|
|
|a 791.095 4
|b SIM/P
|
| 100 |
|
|
|a Simon Charseley (ed.)
|
| 245 |
|
|
|a Performers and Their Arts
|h [Text]
|
| 250 |
|
|
|a 1st
|
| 260 |
|
|
|a London
|b Routledge
|c 2006
|
| 300 |
|
|
|a 332p.
|
| 600 |
|
|
|a Stage Presentation
|
| 600 |
|
|
|a Arts
|
| 600 |
|
|
|a Performing Art
|
| 600 |
|
|
|a Public Performance
|
| 700 |
|
|
|a Laxmi Narayan Tiwari (ed.)
|
| 852 |
|
|
|h 791.095 4
|i SIM/P
|p 062913
|9 650.00
|t 0
|
| 942 |
|
|
|c BK
|
| 999 |
|
|
|c 34140
|d 34140
|
| 952 |
|
|
|0 0
|1 0
|4 0
|6 791_095000000000000_4_SIM_P
|7 0
|9 49597
|a SSUS
|b SSUS
|d 2015-01-08
|g 650.00
|l 1
|o 791.095 4 SIM/P
|p 062913
|r 2016-03-19
|s 2016-03-15
|v 0.00
|w 2015-01-08
|y BK
|